000 01343nam a2200301Ia 4500
999 _c5451
_d5451
003 OSt
005 20200624151236.0
008 191128s1950 mx gr 000 0dspa d
040 _aCO-JMCR
_cCO-JMCR
041 1 _aspa
_heng
082 0 4 _a330.124 /
_bJ284j
_223
100 1 _aJewkes, John,
_eautor
_95553
245 1 0 _aJuicio de la planificación /
_cJohn Jewkes ; versión española por Armando Lázaro Ros ; introducción y revisión por Manuel de Torres
260 _aMéxico :
_bAguilar,
_c1950.
300 _axxxii, 238 páginas ;
_c21 cm.
490 0 _aBiblioteca de ciencias económicas, políticas y sociales. Sección primera: economía
504 _aDatos bibliográficos del autor página x.
505 0 _aLa difusión de una moda -- ¿Resulta anticuado el hombre de negocios? -- ¿Debe dejarse que el monopolismo destruya la economía libre? -- ¿Es inevitable el paro en masa en una economía libre? -- La confusión entre los planificadores
534 _pOrdeal by planning
546 _aTraducido del inglés.
650 1 4 _aPlanificación económica
_93241
650 2 4 _aLiberalismo
_xLibre comercio
_95554
650 2 4 _aConsumo
_xEconomía
_95555
650 2 4 _aTeoría económica
_95556
700 1 _aLázaro Ros, Armando,
_etraductor
_94652
700 1 _aTorres, Manuel de,
_erevisor
_93623
942 _2ddc
_cBK